[Event "SF Beelen 2 - SG Turm Raesfeld/Erle 2"]
[Site "Verbandsklasse 2015/2016"]
[Date "2016.01.23"]
[Round "5.1"]
[White "Bölker, Franz"]
[Black "Henke, Wolfgang"]
[Result "0-1"]
[WhiteElo "1806"]
[BlackElo "1709"]
[PlyCount "60"]
[EventDate "2016.??.??"]
[SourceDate "2015.10.31"]

1. d4 Nf6 2. c4 g6 3. Nc3 Bg7 4. g3 O-O 5. Bg2 d6 6. e3 Nbd7 7. Nge2 e5 8. O-O
c6 9. b3 Ne8 10. d5 c5 11. e4 f5 12. Qc2 Ndf6 13. f4 Nxe4 14. fxe5 Nxc3 15.
Nxc3 Bxe5 16. Bh6 Rf7 17. Rae1 Nf6 18. Re2 Bd7 19. Bf4 Ng4 20. Bxe5 Nxe5 21.
Nd1 Qg5 22. Nb2 Raf8 23. Nd3 Nxd3 24. Qxd3 f4 25. gxf4 Rxf4 26. Rxf4 Qxf4 27.
Qg3 Qd4+ 28. Qe3 Qa1+ 29. Re1 Qxa2 30. Bh3 Bxh3 0-1

[Event "SF Beelen 2 - SG Turm Raesfeld/Erle 2"]
[Site "Verbandsklasse 2015/2016"]
[Date "2016.01.23"]
[Round "5.2"]
[White "Hofene, Josef"]
[Black "Brömmel, Chris"]
[Result "1/2-1/2"]
[WhiteElo "1697"]
[BlackElo "1792"]
[PlyCount "62"]
[EventDate "2016.??.??"]
[SourceDate "2015.10.31"]

1. e4 d5 2. exd5 Qxd5 3. Nf3 Bg4 4. Be2 Nf6 5. Nc3 Qa5 6. h3 Bxf3 7. Bxf3 c6 8.
O-O e6 9. d3 Be7 10. a3 Nbd7 11. Bd2 Qb6 12. Rb1 a5 13. Bf4 Nd5 14. Bg3 O-O 15.
Ne4 f5 16. Nd2 f4 17. Bh2 Bh4 18. Qe2 Rae8 19. c4 Nc7 20. b4 a4 21. Ne4 e5 22.
Nd6 Re7 23. b5 c5 24. Ne4 Ne6 25. Nc3 Nd4 26. Qd1 Nxf3+ 27. Qxf3 Qa5 28. Ne4
Qc7 29. Qh5 Bf6 30. Kh1 g6 31. Qd1 Nb6 1/2-1/2

[Event "SF Beelen 2 - SG Turm Raesfeld/Erle 2"]
[Site "Verbandsklasse 2015/2016"]
[Date "2016.01.23"]
[Round "5.3"]
[White "Fasselt, Hendrik"]
[Black "Fartmann, Franz-Josef"]
[Result "1-0"]
[WhiteElo "1804"]
[BlackElo "1701"]
[PlyCount "89"]
[EventDate "2016.??.??"]
[SourceDate "2015.10.31"]

1. b3 e5 2. Bb2 Nc6 3. e3 Nf6 4. Nf3 Bd6 5. d3 O-O 6. Be2 Re8 7. Nbd2 Bf8 8.
O-O d5 9. c4 a6 10. cxd5 Nxd5 11. Nc4 f6 12. Rc1 Be6 13. Qc2 Qd7 14. Rfd1 Rad8
15. a3 Qf7 16. b4 Kh8 17. d4 exd4 18. Nxd4 Nxd4 19. Bxd4 Ne7 20. Na5 b6 21. Nc6
Rd7 22. Qb2 Nxc6 23. Rxc6 Bd5 24. Rc3 Bb7 25. Qc2 Bd6 26. Bd3 Qh5 27. h3 Qg5
28. Bf1 Bf3 29. Rc1 Be4 30. Qb2 h5 31. f4 Qg6 32. Bxa6 Bf5 33. Bb5 Bxh3 34.
Bxd7 Bxd7 35. Qf2 Bf5 36. Kh2 Be4 37. Qg3 Qh6 38. Qh3 Re7 39. g3 g5 40. Qc8+
Kh7 41. Rxc7 Bxc7 42. Rxc7 Rg7 43. Rxg7+ Qxg7 44. Qe6 Qc7 45. Qxe4+ 1-0

[Event "SF Beelen 2 - SG Turm Raesfeld/Erle 2"]
[Site "Verbandsklasse 2015/2016"]
[Date "2016.01.23"]
[Round "5.4"]
[White "Schemmann, Bernhard"]
[Black "Kadenbach, Wolfgang"]
[Result "1-0"]
[WhiteElo "1856"]
[BlackElo "1731"]
[PlyCount "97"]
[EventDate "2016.??.??"]
[SourceDate "2015.10.31"]

1. d4 Nf6 2. c4 e5 3. dxe5 Ng4 4. Bf4 Nc6 5. Nf3 Bb4+ 6. Nbd2 Qe7 7. e3 Ngxe5
8. Nxe5 Nxe5 9. Be2 O-O 10. O-O Bxd2 11. Qxd2 d6 12. b4 a6 13. Rfd1 Be6 14. c5
Rfd8 15. Qc3 Qf6 16. Rac1 Rac8 17. Bxe5 dxe5 18. c6 b5 19. a4 Bd5 20. axb5 Qg5
21. f3 axb5 22. e4 Bc4 23. h4 Qf4 24. Bxc4 bxc4 25. Rd7 Re8 26. Qxc4 Re6 27.
Rcd1 h6 28. b5 Rg6 29. Qd3 Qg3 30. Qe2 Qxh4 31. Qd2 Qh3 32. Rd8+ Rxd8 33. Qxd8+
Kh7 34. Qd2 Qxf3 35. Rf1 Qxe4 36. Rxf7 Rd6 37. Qf2 Rd1+ 38. Kh2 Kg6 39. Rxc7
Qg4 40. Qf7+ Kh7 41. Qxg7+ Qxg7 42. Rxg7+ Kxg7 43. c7 Rc1 44. b6 Kf6 45. b7
Rxc7 46. b8=Q Re7 47. Qf8+ Rf7 48. Qxh6+ Ke7 49. g4 1-0

[Event "SF Beelen 2 - SG Turm Raesfeld/Erle 2"]
[Site "Verbandsklasse 2015/2016"]
[Date "2016.01.23"]
[Round "5.5"]
[White "Suer, Julian"]
[Black "Bleier, Thomas"]
[Result "1-0"]
[WhiteElo "1739"]
[BlackElo "1651"]
[PlyCount "65"]
[EventDate "2016.??.??"]
[SourceDate "2015.10.31"]

1. e4 e6 2. d4 d5 3. Nc3 Bb4 4. e5 c5 5. a3 cxd4 6. axb4 dxc3 7. bxc3 Qc7 8. f4
Qxc3+ 9. Bd2 Qc7 10. Nf3 Ne7 11. Bd3 Bd7 12. O-O Nbc6 13. b5 Nd8 14. Kh1 b6 15.
Bb4 Nb7 16. Ng5 h6 17. Qh5 g6 18. Qh4 Nc5 19. Nxf7 Rh7 20. Nd6+ Kf8 21. Qf6+
Kg8 22. Bxg6 Rg7 23. Bf7+ Kh7 24. Qxe7 Ne4 25. Nxe4 dxe4 26. Rfd1 Qxc2 27. Rd2
Qb3 28. Rxd7 Qb2 29. Bg6+ Kxg6 30. Qxg7+ Kh5 31. Qf7+ Kh4 32. Be1+ Kg4 33. h3#
1-0

[Event "SF Beelen 2 - SG Turm Raesfeld/Erle 2"]
[Site "Verbandsklasse 2015/2016"]
[Date "2016.01.23"]
[Round "5.6"]
[White "Hofene, Markus"]
[Black "Cvetkovic, Reinhard"]
[Result "0-1"]
[WhiteElo "1661"]
[BlackElo "1706"]
[PlyCount "48"]
[EventDate "2016.??.??"]
[SourceDate "2015.10.31"]

1. e4 Nc6 2. Nc3 e5 3. Nf3 Bb4 4. Bb5 Nge7 5. O-O O-O 6. Nd5 Nxd5 7. exd5 e4 8.
dxc6 exf3 9. Qxf3 dxc6 10. Bc4 Bd6 11. d4 Qh4 12. g3 Qxd4 13. Bd3 Bg4 14. Qe3
Qd5 15. Qg5 Qf3 16. Qh4 f5 17. Re1 Rae8 18. Bg5 Bc5 19. Rf1 h6 20. Bc4+ Kh7 21.
h3 Bh5 22. Bd2 Re4 23. g4 Bxg4 24. Bd3 Bxh3 0-1

[Event "SF Beelen 2 - SG Turm Raesfeld/Erle 2"]
[Site "Verbandsklasse 2015/2016"]
[Date "2016.01.23"]
[Round "5.7"]
[White "Hoffmann, Fabian"]
[Black "Merkentrup, Ralf"]
[Result "1/2-1/2"]
[WhiteElo "1708"]
[BlackElo "1593"]
[PlyCount "36"]
[EventDate "2016.??.??"]
[SourceDate "2015.10.31"]

1. e4 c5 2. Nf3 d6 3. d4 cxd4 4. Nxd4 Nf6 5. Nc3 a6 6. Be2 e6 7. O-O Be7 8. Be3
Qc7 9. Qd2 O-O 10. f4 b5 11. a3 Bb7 12. Bf3 Rd8 13. Qf2 Nbd7 14. g4 Nc5 15. Qg2
d5 16. exd5 Nxd5 17. Nxd5 Bxd5 18. Bxd5 Rxd5 1/2-1/2

[Event "SF Beelen 2 - SG Turm Raesfeld/Erle 2"]
[Site "Verbandsklasse 2015/2016"]
[Date "2016.01.23"]
[Round "5.8"]
[White "Leismann, Franz-Josef"]
[Black "Droste, Laurenz"]
[Result "1/2-1/2"]
[WhiteElo "1546"]
[BlackElo "1612"]
[PlyCount "55"]
[EventDate "2016.??.??"]
[SourceDate "2015.10.31"]

1. e4 e6 2. d4 b6 3. Bd3 Bb7 4. Nf3 c5 5. c3 cxd4 6. Nxd4 Bc5 7. O-O Ne7 8. Bf4
Ng6 9. Bg3 O-O 10. Bc2 Bxd4 11. Qxd4 e5 12. Qe3 Nc6 13. Nd2 Nce7 14. Bb3 d5 15.
exd5 Nxd5 16. Bxd5 Qxd5 17. f3 f5 18. Bf2 f4 19. Qe2 Rad8 20. Rfd1 Qf7 21. b3
Qc7 22. c4 Rd7 23. Ne4 Rfd8 24. Rxd7 Rxd7 25. Rc1 Bxe4 26. Qxe4 Qd6 27. c5 bxc5
28. Qc4+ 1/2-1/2

[Event "SC Klein-Berlin Rheine 2 - SF Stadtlohn"]
[Site "Verbandsklasse 2015/2016"]
[Date "2016.01.23"]
[Round "5.1"]
[White "Mullink, Jochem"]
[Black "van Dijk, Guido"]
[Result "0-1"]
[WhiteElo "1960"]
[BlackElo "1726"]
[PlyCount "44"]
[EventDate "2016.??.??"]
[SourceDate "2015.10.31"]

1. e4 c6 2. d4 d5 3. e5 Bf5 4. Be3 e6 5. Nd2 Qb6 6. Qc1 c5 7. Ngf3 Nc6 8. Nb3
c4 9. Nbd2 Nb4 10. c3 Nc2+ 11. Kd1 Nxa1 12. Qxa1 Qd8 13. b3 b5 14. Bg5 Be7 15.
Bxe7 Nxe7 16. a4 Qa5 17. Nh4 O-O 18. Nxf5 Nxf5 19. g4 Ne7 20. Qa3 Ng6 21. bxc4
bxc4 22. h4 Rfd8 0-1

[Event "SC Klein-Berlin Rheine 2 - SF Stadtlohn"]
[Site "Verbandsklasse 2015/2016"]
[Date "2016.01.23"]
[Round "5.2"]
[White "Ratert, Matthias"]
[Black "Te Sligte, Bert"]
[Result "1/2-1/2"]
[WhiteElo "1826"]
[BlackElo "1875"]
[PlyCount "92"]
[EventDate "2016.??.??"]
[SourceDate "2015.10.31"]

1. e4 e5 2. Nf3 Nc6 3. Bb5 a6 4. Ba4 Nf6 5. O-O Be7 6. Re1 b5 7. Bb3 O-O 8. d4
d6 9. c3 Bg4 10. d5 Na5 11. Bc2 c5 12. Nbd2 Rc8 13. b3 Re8 14. h3 Bh5 15. Nf1
h6 16. g4 Bg6 17. Ng3 Nh7 18. Kg2 Nb7 19. Qe2 Qd7 20. Be3 Ra8 21. a4 Ng5 22.
Nh4 Rac8 23. Nhf5 Bf8 24. h4 Nh7 25. Nxh6+ gxh6 26. h5 Nf6 27. hxg6 fxg6 28. f3
b4 29. c4 Nd8 30. g5 hxg5 31. Bxg5 Bg7 32. Rh1 Nf7 33. Be3 Kf8 34. Rag1 Ke7 35.
Kf1 Rh8 36. f4 Rxh1 37. Nxh1 Qh3+ 38. Ke1 Rh8 39. Nf2 Qh4 40. Rxg6 Bh6 41. f5
Bf4 42. Kd2 Ng5 43. Bxf4 Qxf4+ 44. Qe3 Nf3+ 45. Kd3 Nd4 46. Qxf4 exf4 1/2-1/2

[Event "SC Klein-Berlin Rheine 2 - SF Stadtlohn"]
[Site "Verbandsklasse 2015/2016"]
[Date "2016.01.23"]
[Round "5.3"]
[White "Krosenbrink, Marcel"]
[Black "Hauk, Viktor"]
[Result "1/2-1/2"]
[WhiteElo "1808"]
[BlackElo "1772"]
[PlyCount "38"]
[EventDate "2016.??.??"]
[SourceDate "2015.10.31"]

1. e4 d5 2. exd5 Qxd5 3. Nc3 Qd6 4. d4 Nf6 5. h3 Bf5 6. Nf3 c6 7. Bc4 e6 8. Qe2
Nbd7 9. Bg5 Be7 10. O-O-O Nb6 11. Bb3 Nbd5 12. Nxd5 Nxd5 13. Bxe7 Qxe7 14. g4
Bg6 15. Ne5 O-O-O 16. h4 f6 17. Nxg6 hxg6 18. Qf3 Qd6 19. Bxd5 exd5 1/2-1/2

[Event "SC Klein-Berlin Rheine 2 - SF Stadtlohn"]
[Site "Verbandsklasse 2015/2016"]
[Date "2016.01.23"]
[Round "5.5"]
[White "Becking, Stefan"]
[Black "Pohlmeier, Ulrich"]
[Result "1/2-1/2"]
[WhiteElo "1673"]
[BlackElo "1562"]
[PlyCount "101"]
[EventDate "2016.??.??"]
[SourceDate "2015.10.31"]

1. e4 d6 2. d4 Nf6 3. Nc3 g6 4. Be3 Bg7 5. Qd2 O-O 6. f3 e5 7. d5 a6 8. O-O-O
b5 9. a3 Nbd7 10. g4 Nc5 11. Nge2 Rb8 12. Na2 Bxg4 13. fxg4 Nxg4 14. Nec3 Qh4
15. Kb1 Nxe3 16. Qxe3 f5 17. Bd3 f4 18. Qf3 Rf7 19. Bf1 Qf6 20. h4 Bf8 21. b4
Nd7 22. Bh3 Re7 23. Rdg1 Nb6 24. Bf1 Rg7 25. Nc1 Be7 26. Nb3 Qf8 27. Na5 Qe8
28. Rg4 h5 29. Rg2 Bf6 30. Ne2 Qf8 31. Ng1 Kh7 32. Qf2 Na4 33. Qd2 Qf7 34. Nf3
Rf8 35. Rgg1 Rfg8 36. Bh3 Qe8 37. Ka2 Nb6 38. Qe2 Rf8 39. Kb3 Qd8 40. Qf2 Qe8
41. Rg2 Qf7 42. Rhg1 Nxd5 43. exd5 Qxd5+ 44. c4 bxc4+ 45. Kc2 Qd3+ 46. Kc1
Qxa3+ 47. Kd1 Qd3+ 48. Kc1 Qc3+ 49. Kd1 Qxb4 50. Qc2 Rfg8 51. Nxc4 1/2-1/2

[Event "SC Klein-Berlin Rheine 2 - SF Stadtlohn"]
[Site "Verbandsklasse 2015/2016"]
[Date "2016.01.23"]
[Round "5.6"]
[White "Wilde, Jürgen"]
[Black "Wensing, Herbert"]
[Result "1-0"]
[WhiteElo "1619"]
[BlackElo "1668"]
[PlyCount "73"]
[EventDate "2016.??.??"]
[SourceDate "2015.10.31"]

1. e4 e5 2. Nf3 Nf6 3. d4 Nxe4 4. dxe5 Bc5 5. Be3 Bxe3 6. fxe3 Nc6 7. Bc4 O-O
8. Qd5 Ng5 9. O-O Ne6 10. c3 Ne7 11. Qe4 Ng6 12. Nbd2 Qe7 13. b4 Rb8 14. h4 b6
15. h5 Bb7 16. Qg4 Nh8 17. Ne4 Bxe4 18. Qxe4 Ng5 19. Nxg5 Qxg5 20. Rf5 Qe7 21.
Raf1 c6 22. Qf3 c5 23. b5 Rbd8 24. Bd5 d6 25. e6 f6 26. g4 h6 27. Rf2 Kh7 28.
Qe4 Kg8 29. Bb3 Rde8 30. Rd5 g6 31. Rfd2 Rd8 32. Qd3 Kg7 33. Rxd6 Rxd6 34. Qxd6
Re8 35. Qc6 Rd8 36. Rxd8 Qxd8 37. Qd7+ 1-0

[Event "SC Klein-Berlin Rheine 2 - SF Stadtlohn"]
[Site "Verbandsklasse 2015/2016"]
[Date "2016.01.23"]
[Round "5.7"]
[White "Söbbing, Ulrich"]
[Black "van Dam, Hans"]
[Result "1/2-1/2"]
[WhiteElo "1545"]
[BlackElo "1563"]
[PlyCount "51"]
[EventDate "2016.??.??"]
[SourceDate "2015.10.31"]

1. d4 e6 2. c4 d5 3. Nc3 Nf6 4. Bg5 Be7 5. Nf3 c6 6. e3 h6 7. Bh4 O-O 8. Bd3
dxc4 9. Bxc4 Nd5 10. Bxe7 Qxe7 11. Rc1 Nd7 12. O-O N7f6 13. a3 Nxc3 14. Rxc3
Nd5 15. Rc1 Nb6 16. Bd3 Nd7 17. Bb1 e5 18. dxe5 Nxe5 19. Nxe5 Qxe5 20. Qc2 g6
21. Rfd1 Bf5 22. e4 Be6 23. Rd2 Rad8 24. Rcd1 Qg5 25. Rxd8 Rxd8 26. Rxd8+
1/2-1/2

[Event "SC Klein-Berlin Rheine 2 - SF Stadtlohn"]
[Site "Verbandsklasse 2015/2016"]
[Date "2016.01.23"]
[Round "5.8"]
[White "Thomas, Benedikt"]
[Black "Bußwolder, Peter"]
[Result "0-1"]
[WhiteElo "1362"]
[BlackElo "1735"]
[PlyCount "110"]
[EventDate "2016.??.??"]
[SourceDate "2015.10.31"]

1. c4 c6 2. Nc3 d5 3. cxd5 cxd5 4. d4 Nc6 5. g3 Nf6 6. Nf3 e6 7. Bg2 Be7 8. O-O
O-O 9. Bg5 a6 10. a3 Bd7 11. Re1 Rc8 12. e4 dxe4 13. Nxe4 Nxe4 14. Bxe7 Nxf2
15. Bxd8 Nxd1 16. Raxd1 Rfxd8 17. d5 exd5 18. Rxd5 Be6 19. Rc5 h6 20. Rec1 Ne7
21. Rxc8 Rxc8 22. Rxc8+ Bxc8 23. Nd4 g6 24. Kf2 f5 25. Ke3 Kf7 26. b4 Kf6 27.
b5 axb5 28. Nxb5 Ke5 29. Na7 b6 30. Nxc8 Nxc8 31. a4 Nd6 32. Bf1 Ne4 33. Bd3
Nc3 34. Bc2 Nd5+ 35. Kf3 g5 36. Bb3 Nf6 37. h3 Ne4 38. Bc2 Nc5 39. g4 f4 40.
Ke2 Kd4 41. Kd2 Ne4+ 42. Ke1 Ke3 43. Bxe4 Kxe4 44. Ke2 f3+ 45. Ke1 Ke3 46. Kf1
f2 47. h4 gxh4 48. a5 bxa5 49. g5 hxg5 50. Kg2 Ke2 51. Kh2 Ke1 52. Kh1 f1=Q+
53. Kh2 Qf2+ 54. Kh1 Qb2 55. Kg1 h3 0-1

[Event "SK Ochtrup 1 - SK Königsspringer Nordwa"]
[Site "Verbandsklasse 2015/2016"]
[Date "2016.01.23"]
[Round "5.1"]
[White "Sandmann, Matthias"]
[Black "Jacob, Helmut"]
[Result "1/2-1/2"]
[WhiteElo "1780"]
[BlackElo "1947"]
[PlyCount "132"]
[EventDate "2016.??.??"]
[SourceDate "2015.10.31"]

1. e4 c5 2. Nc3 Nc6 3. Nf3 g6 4. d4 cxd4 5. Nxd4 Bg7 6. Be3 Nf6 7. Be2 O-O 8.
h4 d5 9. Nxc6 bxc6 10. e5 Nd7 11. f4 e6 12. h5 Rb8 13. Na4 c5 14. c3 Qa5 15.
Bd3 Re8 16. hxg6 fxg6 17. Qc2 Ba6 18. Bxa6 Qxa6 19. Nxc5 Nxc5 20. Bxc5 Rb7 21.
b3 Qb5 22. Bd4 a5 23. Rb1 a4 24. Kf2 Reb8 25. Rhc1 Bf8 26. Kf3 Bh6 27. Be3 Qc6
28. Kf2 Rf8 29. g3 Rc7 30. Qd3 Bg7 31. Ke2 Rcf7 32. c4 d4 33. Bxd4 axb3 34.
axb3 Qg2+ 35. Bf2 Bxe5 36. Rg1 Qa8 37. Rbd1 Bf6 38. Be3 Rb8 39. Rd2 Qb7 40. Rb1
Qg2+ 41. Bf2 Rd8 42. Qe3 Rxd2+ 43. Kxd2 e5 44. Re1 exf4 45. gxf4 Rd7+ 46. Kc2
Re7 47. Qd2 Rxe1 48. Bxe1 Qe4+ 49. Kc1 h5 50. Qd5+ Qxd5 51. cxd5 h4 52. Kd2 h3
53. Bg3 Be7 54. Ke3 Bd6 55. Kf3 g5 56. fxg5 h2 57. Bxh2 Bxh2 58. Ke4 Kf7 59.
Kf5 Bd6 60. g6+ Ke7 61. g7 Kf7 62. g8=Q+ Kxg8 63. Ke6 Bb4 64. d6 Kf8 65. Kd7
Kf7 66. Kc8 Bxd6 1/2-1/2

[Event "SK Ochtrup 1 - SK Königsspringer Nordwa"]
[Site "Verbandsklasse 2015/2016"]
[Date "2016.01.23"]
[Round "5.2"]
[White "Schwietering, Ralf"]
[Black "Lerke, Bernd"]
[Result "1-0"]
[WhiteElo "1878"]
[BlackElo "1888"]
[PlyCount "39"]
[EventDate "2016.??.??"]
[SourceDate "2015.10.31"]

1. e4 e5 2. Nf3 Nc6 3. Bc4 Nf6 4. Ng5 d5 5. exd5 Na5 6. Bb5+ c6 7. dxc6 bxc6 8.
Be2 h6 9. Nh3 Bc5 10. Nc3 Bxh3 11. gxh3 Qd4 12. O-O Qh4 13. a3 Bd6 14. b4 Qxh3
15. f4 exf4 16. Rf3 Qg4+ 17. Kh1 Nb7 18. Re3+ Qe6 19. Rxe6+ fxe6 20. Bf3 1-0

[Event "SK Ochtrup 1 - SK Königsspringer Nordwa"]
[Site "Verbandsklasse 2015/2016"]
[Date "2016.01.23"]
[Round "5.3"]
[White "Wetterau, Georg"]
[Black "Boshe-Plois, Stefan"]
[Result "1-0"]
[WhiteElo "1814"]
[BlackElo "1763"]
[PlyCount "139"]
[EventDate "2016.??.??"]
[SourceDate "2015.10.31"]

1. e4 c5 2. Nf3 Nc6 3. d4 cxd4 4. Nxd4 g6 5. Be2 Bg7 6. Be3 Nf6 7. Nc3 O-O 8.
O-O d5 9. exd5 Nxd5 10. Nxd5 Qxd5 11. Bf3 Qc4 12. Nxc6 bxc6 13. c3 Bf5 14. Qb3
Qa6 15. Bc5 Rfe8 16. Rfe1 e5 17. Be2 Qc8 18. Bc4 Be6 19. Bxe6 Rxe6 20. Rad1 h5
21. Rd3 Rb8 22. Qa3 Qb7 23. b4 a6 24. Red1 e4 25. Rd7 Qb5 26. Qb3 Qe2 27. R7d2
Qg4 28. h3 Qf4 29. Rd8+ Rxd8 30. Rxd8+ Kh7 31. Ra8 Be5 32. Be3 Qf6 33. Ra7 Re7
34. Rxe7 Qxe7 35. Qc4 Qb7 36. a4 f5 37. g3 Bf6 38. Bd4 Kg7 39. Bxf6+ Kxf6 40.
Qd4+ Ke6 41. Kf1 Qd7 42. Qc4+ Qd5 43. Qxa6 Qd1+ 44. Kg2 Qf3+ 45. Kg1 Qd1+ 46.
Qf1 Qxa4 47. Qc4+ Kf6 48. Qd4+ Kf7 49. Qd7+ Kf6 50. Kg2 Qb5 51. Qd8+ Kg7 52.
Qd7+ Kf6 53. Qd4+ Kf7 54. h4 Qa4 55. Qc4+ Kg7 56. Qe6 Qa8 57. Qe7+ Kg8 58. Qc5
Qe8 59. c4 Qe6 60. b5 cxb5 61. cxb5 f4 62. Qc6 Qf5 63. Qe8+ Kg7 64. Qe7+ Kg8
65. b6 fxg3 66. Qd8+ Kf7 67. Qc7+ Kf8 68. Qxg3 Qd5 69. Qg5 Qc6 70. Qd8+ 1-0

[Event "SK Ochtrup 1 - SK Königsspringer Nordwa"]
[Site "Verbandsklasse 2015/2016"]
[Date "2016.01.23"]
[Round "5.4"]
[White "Holtmannspötter, Thomas"]
[Black "Mense, Jens-Uwe"]
[Result "0-1"]
[WhiteElo "1762"]
[BlackElo "1801"]
[PlyCount "70"]
[EventDate "2016.??.??"]
[SourceDate "2015.10.31"]

1. e4 g6 2. d4 Bg7 3. Nc3 d6 4. Be3 Nd7 5. Qd2 e5 6. Nf3 a6 7. Bc4 Ngf6 8. dxe5
dxe5 9. Rd1 b5 10. Bd5 Nxd5 11. Qxd5 Rb8 12. Bg5 f6 13. Be3 Qe7 14. Qc6 O-O 15.
Nd5 Qf7 16. Nxc7 Rd8 17. Ne6 Re8 18. Nxg7 Kxg7 19. O-O Nf8 20. Qd5 Ne6 21. Qb3
Bb7 22. Nd2 f5 23. f3 Rbc8 24. c4 Nc5 25. Bxc5 Rxc5 26. cxb5 Qc7 27. b6 Qc6 28.
exf5 gxf5 29. Nb1 e4 30. fxe4 Rxe4 31. Rd8 Rcc4 32. Qa3 Qxb6+ 33. Kh1 Qxd8 34.
Qg3+ Rg4 35. Qe5+ Qf6 0-1

[Event "SK Ochtrup 1 - SK Königsspringer Nordwa"]
[Site "Verbandsklasse 2015/2016"]
[Date "2016.01.23"]
[Round "5.5"]
[White "Holstegge, Ludger"]
[Black "Moor, Daniel"]
[Result "1/2-1/2"]
[WhiteElo "1819"]
[BlackElo "1642"]
[PlyCount "39"]
[EventDate "2016.??.??"]
[SourceDate "2015.10.31"]

1. c4 e6 2. Nf3 d5 3. e3 c5 4. Be2 Nc6 5. O-O Nf6 6. d4 a6 7. b3 Be7 8. Nc3 O-O
9. Bb2 h6 10. a3 b6 11. Qd3 Na5 12. Qc2 Bb7 13. Rfd1 Qc7 14. dxc5 bxc5 15. Na2
Qb6 16. b4 Nxc4 17. Bxc4 dxc4 18. Qxc4 Bd5 19. Qe2 Bxa2 20. bxc5 1/2-1/2

[Event "SK Ochtrup 1 - SK Königsspringer Nordwa"]
[Site "Verbandsklasse 2015/2016"]
[Date "2016.01.23"]
[Round "5.6"]
[White "Schmerling, Janek"]
[Black "Herding, Rudolf"]
[Result "1-0"]
[WhiteElo "1664"]
[BlackElo "1568"]
[PlyCount "79"]
[EventDate "2016.??.??"]
[SourceDate "2015.10.31"]

1. e4 c5 2. d4 cxd4 3. c3 e6 4. cxd4 Bb4+ 5. Bd2 Bxd2+ 6. Nxd2 Ne7 7. Ngf3 d5
8. Bd3 Nbc6 9. O-O O-O 10. Rc1 Ng6 11. Nb3 Nb4 12. Bb1 b6 13. a3 dxe4 14. Bxe4
Nd5 15. Ne5 Nxe5 16. dxe5 Ba6 17. Re1 Rc8 18. Qh5 h6 19. Nd2 Rxc1 20. Rxc1 Nf4
21. Qd1 Ne2+ 22. Kh1 Nxc1 23. Qxc1 Qg5 24. Qe1 Rc8 25. h3 g6 26. Nb3 Qxe5 27.
Qb4 Rd8 28. Bf3 Qd6 29. Qa4 Qd3 30. Qh4 h5 31. Be2 Qb1+ 32. Kh2 Bxe2 33. Qxd8+
Kh7 34. Qc7 Qxb2 35. Qxf7+ Kh6 36. Qxe6 Qxa3 37. Nd4 Bd3 38. h4 Qc1 39. Qe5 Qd2
40. Qh8# 1-0

[Event "SK Ochtrup 1 - SK Königsspringer Nordwa"]
[Site "Verbandsklasse 2015/2016"]
[Date "2016.01.23"]
[Round "5.7"]
[White "Steens, Rudolf"]
[Black "Kaiser, Günter"]
[Result "1-0"]
[WhiteElo "1744"]
[BlackElo "1631"]
[PlyCount "39"]
[EventDate "2016.??.??"]
[SourceDate "2015.10.31"]

1. e4 c5 2. c3 e6 3. d4 d5 4. e5 Nc6 5. Nf3 Bd7 6. Bd3 Qb6 7. O-O cxd4 8. cxd4
f6 9. Nc3 Qc7 10. Re1 fxe5 11. dxe5 Bb4 12. Bd2 a6 13. a3 Bc5 14. Rc1 Qb6 15.
Qe2 Nd4 16. Nxd4 Bxd4 17. Qh5+ g6 18. Bxg6+ Kd8 19. Bg5+ Ne7 20. Bxe7+ 1-0

[Event "SK Ochtrup 1 - SK Königsspringer Nordwa"]
[Site "Verbandsklasse 2015/2016"]
[Date "2016.01.23"]
[Round "5.8"]
[White "Jacob, Barbara"]
[Black "Keller, Hansjürgen"]
[Result "1/2-1/2"]
[WhiteElo "1554"]
[BlackElo "1583"]
[PlyCount "47"]
[EventDate "2016.??.??"]
[SourceDate "2015.10.31"]

1. e4 d5 2. exd5 Qxd5 3. Nc3 Qa5 4. d4 c6 5. Bc4 Nf6 6. Bd2 Bf5 7. Nf3 e6 8.
O-O Qc7 9. Ne5 Bd6 10. Re1 O-O 11. h3 Nbd7 12. Bf4 Nb6 13. Bb3 Nbd5 14. Nxd5
cxd5 15. c3 Nd7 16. Nxd7 Qxd7 17. Bxd6 Qxd6 18. Bc2 Bxc2 19. Qxc2 Rac8 20. Qe2
Rc4 21. a4 Qd7 22. a5 a6 23. Qd2 Rfc8 24. Re3 1/2-1/2

[Event "Schach Nienberge 2 - SK Gescher 1"]
[Site "Verbandsklasse 2015/2016"]
[Date "2016.01.23"]
[Round "5.1"]
[White "Eißing, Christoph"]
[Black "Kluczka, Konrad"]
[Result "1-0"]
[WhiteElo "2011"]
[BlackElo "1807"]
[PlyCount "53"]
[EventDate "2016.??.??"]
[SourceDate "2015.10.31"]

1. e4 e5 2. Nf3 Nc6 3. d4 exd4 4. Nxd4 Bc5 5. Be3 Qf6 6. c3 Nge7 7. Bc4 Nxd4 8.
cxd4 Bb4+ 9. Nc3 Bxc3+ 10. bxc3 O-O 11. O-O d6 12. f4 Re8 13. Qe2 d5 14. e5 Qg6
15. Bd3 Bf5 16. Bxf5 Nxf5 17. Bd2 h5 18. Rf3 c6 19. Re1 b5 20. Rh3 Qg4 21. Rxh5
Qxe2 22. Rxe2 g6 23. Rh3 Nd6 24. g4 Ne4 25. f5 Kf8 26. Rxe4 dxe4 27. f6 1-0

[Event "Schach Nienberge 2 - SK Gescher 1"]
[Site "Verbandsklasse 2015/2016"]
[Date "2016.01.23"]
[Round "5.2"]
[White "Schipke, Thorsten"]
[Black "Priebs, Ludger"]
[Result "1-0"]
[WhiteElo "1793"]
[BlackElo "1789"]
[PlyCount "103"]
[EventDate "2016.??.??"]
[SourceDate "2015.10.31"]

1. e4 c5 2. Nc3 e6 3. f4 d5 4. Bb5+ Nc6 5. Nf3 a6 6. Bxc6+ bxc6 7. d3 Be7 8.
O-O d4 9. Ne2 Nf6 10. Qe1 O-O 11. Qg3 Qc7 12. Ng5 h6 13. Nf3 Nh7 14. Ne5 Bd6
15. Ng4 Kh8 16. e5 Be7 17. Kh1 Qd8 18. Ng1 Qd5 19. b3 h5 20. Nf2 Rg8 21. Ne4 g6
22. Nf3 f5 23. exf6 Nxf6 24. Neg5 Ng4 25. h3 Ne3 26. Bxe3 dxe3 27. Ne5 e2 28.
Rf2 Bxg5 29. Qxg5 Kh7 30. Rxe2 Ra7 31. Rae1 Rag7 32. Re3 Rf8 33. c4 Qd4 34. Re4
Qf2 35. R1e2 Qf1+ 36. Kh2 Rf5 37. Qh4 Qc1 38. Rf2 Kg8 39. Qd8+ Rf8 40. Qg5 Rf5
41. Qd8+ Rf8 42. Qd6 g5 43. Qxc5 g4 44. g3 h4 45. hxg4 hxg3+ 46. Kxg3 Qg1+ 47.
Kf3 Rh7 48. Ree2 Rh3+ 49. Ke4 Rd8 50. Qe7 Qh1+ 51. Rg2 Rf8 52. Qg5+ 1-0

[Event "Schach Nienberge 2 - SK Gescher 1"]
[Site "Verbandsklasse 2015/2016"]
[Date "2016.01.23"]
[Round "5.3"]
[White "Lanfer, Stefanie"]
[Black "Van de Vyle, Jan"]
[Result "1/2-1/2"]
[WhiteElo "1813"]
[BlackElo "1756"]
[PlyCount "42"]
[EventDate "2016.??.??"]
[SourceDate "2015.10.31"]

1. e4 e5 2. d4 Nc6 3. d5 Nce7 4. Nc3 Ng6 5. Bd3 Nf6 6. Nge2 Bc5 7. O-O O-O 8.
Bg5 h6 9. Bd2 a6 10. Qc1 Kh7 11. Be3 Bxe3 12. Qxe3 Nh5 13. g3 d6 14. f3 Qg5 15.
Qxg5 hxg5 16. Nd1 Bd7 17. Ne3 Kg8 18. c4 Ne7 19. Rf2 g6 20. Kg2 Ng7 21. Raf1 f6
1/2-1/2

[Event "Schach Nienberge 2 - SK Gescher 1"]
[Site "Verbandsklasse 2015/2016"]
[Date "2016.01.23"]
[Round "5.4"]
[White "Dirks, Frank"]
[Black "Iking, Bernhard"]
[Result "1/2-1/2"]
[WhiteElo "1773"]
[BlackElo "1771"]
[PlyCount "84"]
[EventDate "2016.??.??"]
[SourceDate "2015.10.31"]

1. e4 c6 2. Nc3 d5 3. d3 d4 4. Nce2 c5 5. g3 e5 6. Bg2 Nc6 7. Nh3 Be7 8. O-O g5
9. f4 gxf4 10. gxf4 Bg4 11. f5 h6 12. Nf2 Bxe2 13. Qxe2 Bg5 14. Nh3 Bxc1 15.
Raxc1 Nf6 16. Kh1 Qe7 17. a3 O-O-O 18. Nf2 Rdg8 19. Bf3 Rg5 20. Nh3 Rg7 21. Nf2
Rhg8 22. Rb1 h5 23. Rg1 Qf8 24. Nh3 Ng4 25. Rg3 Ne3 26. Rbg1 Rxg3 27. Rxg3 h4
28. Rxg8 Qxg8 29. Nf2 Qg5 30. Nh3 Qh6 31. Ng1 f6 32. Nh3 Kd7 33. Bh5 Nd8 34.
Bg6 Ke7 35. c3 Ne6 36. cxd4 cxd4 37. Qd2 Nc5 38. Qa5 b6 39. Qxa7+ Nd7 40. Qa4
Ng4 41. Qd1 Ne3 42. Qb3 Ng4 1/2-1/2